Introductory functional analysis with applications (Record no. 16009)
[ view plain ]
| 000 -LEADER | |
|---|---|
| fixed length control field | 00541 am a2200193 a 4500 |
| 000 - LEADER | |
| fixed length control field | BKB |
| 001 - CONTROL NUMBER | |
| control field | 153366 |
| 005 - DATE AND TIME OF LATEST TRANSACTION | |
| control field | 20200902161050.0 |
| 008 - FIXED-LENGTH DATA ELEMENTS--GENERAL INFORMATION | |
| fixed length control field | 27 ### |
| 020 ## - INTERNATIONAL STANDARD BOOK NUMBER | |
| International Standard Book Number | 9788126511914 |
| 082 ## - DEWEY DECIMAL CLASSIFICATION NUMBER | |
| Classification number | 515.7 |
| Item number | K88I |
| 100 1# - MAIN ENTRY--PERSONAL NAME | |
| Personal name | Kreyszig Erwin |
| 245 1# - TITLE STATEMENT | |
| Title | Introductory functional analysis with applications |
| Statement of responsibility, etc | by Erwin Kreyszig |
| 260 ## - PUBLICATION, DISTRIBUTION, ETC. (IMPRINT) | |
| Place of publication, distribution, etc | Delhi |
| Name of publisher, distributor, etc | Wiley India |
| Date of publication, distribution, etc | 2015 |
| 300 ## - PHYSICAL DESCRIPTION | |
| Extent | xiv, 688p. |
| 630 ## - SUBJECT ADDED ENTRY--UNIFORM TITLE | |
| Uniform title | Mathematics |
| 690 ## - LOCAL SUBJECT ADDED ENTRY--TOPICAL TERM (OCLC, RLIN) | |
| Topical term or geographic name as entry element | Functional analysis; Mathematics |
| 964 ## - | |
| -- | |
| -- | ENG |
| -- | |
| -- | |
| -- | |
| -- | |
| -- | |
| Withdrawn status | Lost status | Damaged status | Not for loan | Home library | Current library | Date acquired | Total Checkouts | Full call number | Barcode | Checked out | Date last seen | Price effective from | Koha item type |
|---|---|---|---|---|---|---|---|---|---|---|---|---|---|
| Central University Of Rajasthan | Central University Of Rajasthan | 25/07/2016 | 515.7 K88I | 27790 | 01/01/2018 | 02/09/2020 | 02/09/2020 | Books | |||||
| Central University Of Rajasthan | Central University Of Rajasthan | 25/07/2016 | 515.7 K88I | 27789 | 01/01/2018 | 02/09/2020 | 02/09/2020 | Books | |||||
| Central University Of Rajasthan | Central University Of Rajasthan | 25/07/2016 | 515.7 K88I | 27788 | 01/01/2018 | 02/09/2020 | 02/09/2020 | Books | |||||
| Central University Of Rajasthan | Central University Of Rajasthan | 25/07/2016 | 515.7 K88I | 27787 | 01/01/2018 | 02/09/2020 | 02/09/2020 | Books | |||||
| Central University Of Rajasthan | Central University Of Rajasthan | 25/07/2016 | 515.7 K88I | 27786 | 01/01/2018 | 02/09/2020 | 02/09/2020 | Books |
